| 000 | 00967nam a22002657a 4500 | ||
|---|---|---|---|
| 001 | BR7300365 | ||
| 003 | BR-BrBNA | ||
| 005 | 20230928083837.0 | ||
| 007 | ta | ||
| 008 | 230509b bl.||||| |||| 00| 0 por d | ||
| 040 |
_aBR-BrBNA _bpor _cBiblioteca Nacional de Agricultura |
||
| 041 | _a(Eng) | ||
| 072 | _aF30 | ||
| 090 | _ F30 BR7300365 | ||
| 100 | 1 | _aCastro, Y.P. de | |
| 110 | 1 |
_aInstituto Florestal, Sao Paulo, SP (Brasil); _0Thesis (Master of Science) _96362 |
|
| 110 | 1 |
_aCalifornia, Univ., Berkeley (USA) _0Thesis (Master of Science) |
|
| 245 | 1 | _aThe relationships of Arctostaphylos montana Eastw. as determined by population studies (Genetics)[Genetica] | |
| 260 | 3 |
_aBerkeley, CA (USA): _c1954. |
|
| 300 | _a57 p. | ||
| 500 | _aSummary (Eng). (*) Documento disponível na(o) Instituto de Pesquisas e Estudos Florestais, Piracicaba, SP (Brazil) | ||
| 650 | _aMelhoramento genetico vegetal | ||
| 909 |
_a202309 _bLucia _c55 _dLucia Elande |
||
| 942 | _cBK | ||
| 999 |
_c15485 _d15485 |
||